[Event "London Classic op 11th"]
[Site "London"]
[Date "2019.12.05"]
[Round "8"]
[White "Mohnblatt, Daniel"]
[Black "Cotter, Len"]
[Result "1-0"]
[WhiteElo "1688"]
[BlackElo "1665"]
[PlyCount "89"]
[EventDate "2019.11.29"]
[EventType "swiss"]
[EventRounds "9"]
[EventCountry "ENG"]
[SourceTitle "CBM 193 Extra"]
[Source "ChessBase"]
[SourceDate "2020.01.31"]
[SourceVersion "1"]
[SourceVersionDate "2020.01.31"]
[SourceQuality "1"]

1. d4 e6 2. Nf3 d5 3. c4 c6 4. e3 f5 5. Nc3 Nf6 6. Be2 Bd6 7. Ne5 0-0 8. 0-0 Bd7 9. b3 Be8 10. f4 Nbd7 11. Bd2 Rc8 12. Be1 Ne4 13. Nxe4 fxe4 14. Bg3 Nf6 15. Bh4 Be7 16. Qe1 c5 17. Kh1 cxd4 18. exd4 Nh5 19. Bxe7 Qxe7 20. Bxh5 Bxh5 21. g4 Be8 22. Qg3 dxc4 23. bxc4 Bc6 24. Qe3 b6 25. Rac1 Ba8 26. Rc2 b5 27. c5 a5 28. c6 Qd6 29. Rfc1 Rfd8 30. c7 Re8 31. Rc5 Re7 32. Qc3 b4 33. Qc4 Bd5 34. Qb5 e3+ 35. Kg1 Bxa2 36. d5 exd5 37. Rc6 Bc4 38. R1xc4 e2 39. Rc1 Rexc7 40. Rxc7 e1Q+ 41. Rxe1 Qxc7 42. Qxd5+ Kh8 43. Nf7+ Kg8 44. Nd6+ Kf8 45. Qf5+ 1-0

[Event "London Classic op 10th"]
[Site "London"]
[Date "2018.12.10"]
[Round "2"]
[White "Cotter, Len"]
[Black "Royal, Shreyas"]
[Result "0-1"]
[WhiteElo "1651"]
[BlackElo "1930"]
[PlyCount "84"]
[EventDate "2018.12.09"]
[EventType "swiss"]
[EventRounds "9"]
[EventCountry "ENG"]
[SourceTitle "CBM 187 Extra"]
[Source "ChessBase"]
[SourceDate "2018.11.04"]
[SourceVersion "1"]
[SourceVersionDate "2018.11.04"]
[SourceQuality "1"]

1. e4 c5 2. Nf3 e6 3. d4 cxd4 4. Nxd4 a6 5. Nc3 b5 6. Bd3 Qb6 7. Be3 Bc5 8. Nce2 Nc6 9. c3 Bb7 10. 0-0 Ne5 11. f3 Qa7 12. Bf2 Nf6 13. b4 Bb6 14. a4 bxa4 15. Rxa4 0-0 16. Nb5 Bxf2+ 17. Rxf2 Qe3 18. Nbd4 Nxd3 19. Qf1 Qxf2+ 20. Qxf2 Nxf2 21. Kxf2 Bc6 22. Nxc6 dxc6 23. Nd4 Rfc8 24. Ke3 c5 25. bxc5 Rxc5 26. Kd3 Nd7 27. f4 Nb6 28. Rb4 Rb8 29. g4 a5 30. Rb1 a4 31. Nc2 Rbc8 32. Kd4 Rc4+ 33. Ke5 Rxc3 34. Rxb6 Rxc2 35. Ra6 Ra2 36. Kd6 h6 37. h4 Ra1 38. f5 a3 39. fxe6 fxe6 40. Kxe6 a2 41. Ke7 Rc2 42. e5 Re1 0-1

[Event "London Classic op"]
[Site "London"]
[Date "2017.12.09"]
[Round "9"]
[White "Fernandez Aransay, Fernando"]
[Black "Cotter, Len"]
[Result "1/2-1/2"]
[WhiteElo "1838"]
[BlackElo "1700"]
[PlyCount "46"]
[EventDate "2017.12.02"]
[EventType "swiss"]
[EventRounds "9"]
[EventCountry "ENG"]
[SourceTitle "CBM 182 Extra"]
[Source "ChessBase"]
[SourceDate "2018.02.23"]
[SourceVersion "1"]
[SourceVersionDate "2018.02.23"]
[SourceQuality "1"]

1. e4 e6 2. d4 d5 3. exd5 Qxd5 4. c4 Qd8 5. Nf3 Nf6 6. Bd3 g6 7. 0-0 Bg7 8. Nc3 0-0 9. Bg5 h6 10. Be3 Nc6 11. a3 a6 12. Qd2 Kh7 13. Rad1 Ng4 14. Qc2 Nxe3 15. fxe3 f5 16. d5 Ne5 17. Nxe5 Bxe5 18. dxe6 Qg5 19. Nd5 Bxe6 20. Nf4 Bd7 21. Be4 Rf7 22. Bf3 c6 23. Qd2 Re8 1/2-1/2

[Event "London Classic op"]
[Site "London"]
[Date "2017.12.03"]
[Round "2"]
[White "Munshi, Aditya"]
[Black "Cotter, Len"]
[Result "1-0"]
[WhiteElo "2001"]
[BlackElo "1700"]
[PlyCount "47"]
[EventDate "2017.12.02"]
[EventType "swiss"]
[EventRounds "9"]
[EventCountry "ENG"]
[SourceTitle "CBM 182 Extra"]
[Source "ChessBase"]
[SourceDate "2018.02.23"]
[SourceVersion "1"]
[SourceVersionDate "2018.02.23"]
[SourceQuality "1"]

1. e4 c5 2. Nf3 d6 3. Bb5+ Bd7 4. Bxd7+ Qxd7 5. c4 Nf6 6. Nc3 Nc6 7. d4 cxd4 8. Nxd4 e6 9. Be3 Be7 10. 0-0 0-0 11. Qe2 a6 12. Rad1 Qc7 13. b3 Nxd4 14. Bxd4 Rad8 15. f4 d5 16. cxd5 exd5 17. Bxf6 Bxf6 18. Nxd5 Qc5+ 19. Kh1 Be7 20. b4 Qd6 21. e5 Qd7 22. Nf6+ gxf6 23. Rxd7 Rxd7 24. Qg4+ 1-0

[Event "London Classic op"]
[Site "London"]
[Date "2017.12.02"]
[Round "1"]
[White "Cotter, Len"]
[Black "Oyama, Akito"]
[Result "0-1"]
[WhiteElo "1700"]
[BlackElo "2185"]
[PlyCount "90"]
[EventDate "2017.12.02"]
[EventType "swiss"]
[EventRounds "9"]
[EventCountry "ENG"]
[SourceTitle "CBM 182 Extra"]
[Source "ChessBase"]
[SourceDate "2018.02.23"]
[SourceVersion "1"]
[SourceVersionDate "2018.02.23"]
[SourceQuality "1"]

1. d4 Nf6 2. Nf3 e6 3. Bg5 Be7 4. e3 b6 5. c4 Bb7 6. Bd3 Ne4 7. Bxe7 Qxe7 8. 0-0 0-0 9. Nbd2 f5 10. Re1 d6 11. Rc1 Nd7 12. b4 a5 13. a3 axb4 14. axb4 Kh8 15. Bf1 Ndf6 16. Nxe4 Nxe4 17. Nd2 Ng5 18. g3 Ra2 19. Bg2 Bxg2 20. Kxg2 c5 21. Rc2 Qb7+ 22. f3 Ra3 23. h4 Nf7 24. b5 h6 25. Qc1 Rfa8 26. Rc3 Ra2 27. Rc2 R8a4 28. Rxa2 Rxa2 29. Re2 Qa8 30. Kf2 Qa4 31. Nb1 Ra1 32. Rb2 cxd4 33. exd4 e5 34. Ke3 exd4+ 35. Kxd4 Ne5 36. f4 Ng4 37. Qd2 Qa8 38. Qe2 Qc8 39. Nd2 Qc5+ 40. Kc3 d5 41. Nf3 Ne3 42. Ne5 Rc1+ 43. Kd2 Rd1+ 44. Kc3 Qa3+ 45. Rb3 d4# 0-1

[Event "London Classic op 4th"]
[Site "London"]
[Date "2012.12.08"]
[Round "8"]
[White "Cotter, Len"]
[Black "Hoekstra, Carl"]
[Result "0-1"]
[WhiteElo "1802"]
[BlackElo "1937"]
[PlyCount "106"]
[EventDate "2012.12.01"]
[EventType "swiss"]
[EventRounds "9"]
[EventCountry "ENG"]
[SourceTitle "EXT 2014"]
[Source "ChessBase"]
[SourceDate "2013.11.20"]
[SourceVersion "1"]
[SourceVersionDate "2013.11.20"]
[SourceQuality "1"]

1. e4 g6 2. d4 Bg7 3. Nc3 c6 4. Bc4 d6 5. Be3 Nd7 6. Nge2 Ngf6 7. Qd2 b5 8. Bd3 a6 9. 0-0 0-0 10. Ng3 Qc7 11. f4 Ng4 12. f5 Nxe3 13. Qxe3 Qb6 14. Nce2 Bb7 15. c3 Rae8 16. fxg6 fxg6 17. Rxf8+ Rxf8 18. Nf4 Rf6 19. Rf1 Bh6 20. Nge2 e5 21. Qh3 g5 22. Qxd7 gxf4 23. Qe8+ Bf8 24. Rf3 Qc7 25. Qh5 Bc8 26. Qh4 Rg6 27. Qf2 Bg4 28. Nxf4 exf4 29. Rxf4 Qg7 30. e5 dxe5 31. dxe5 Rh6 32. a3 Be6 33. Be4 Bd5 34. Bxd5+ cxd5 35. Qf3 Bc5+ 36. Kf1 Qxe5 37. Qg4+ Qg7 38. Qc8+ Bf8 39. Qf5 Rd6 40. h4 Be7 41. h5 h6 42. Qc8+ Rd8 43. Qe6+ Kh8 44. g3 Rf8 45. Rxf8+ Qxf8+ 46. Kg2 Qf6 47. Qxd5 Qd6 48. Qd4+ Qxd4 49. cxd4 Bf6 50. d5 Bxb2 51. Kf3 Bxa3 52. Ke4 Bd6 53. g4 b4 0-1

[Event "London Classic op 4th"]
[Site "London"]
[Date "2012.12.07"]
[Round "7"]
[White "Barasi, Paul Dl"]
[Black "Cotter, Len"]
[Result "1-0"]
[WhiteElo "1978"]
[BlackElo "1802"]
[PlyCount "73"]
[EventDate "2012.12.01"]
[EventType "swiss"]
[EventRounds "9"]
[EventCountry "ENG"]
[SourceTitle "CBM 151 Extra"]
[Source "ChessBase"]
[SourceDate "2012.12.18"]
[SourceVersion "1"]
[SourceVersionDate "2012.12.18"]
[SourceQuality "1"]

1. Nc3 c5 2. e4 d6 3. f4 a6 4. Nf3 Nc6 5. a4 Nf6 6. Be2 e6 7. 0-0 Be7 8. Kh1 d5 9. e5 Ng4 10. Qe1 Nh6 11. d3 Nf5 12. Bd1 Bd7 13. Bd2 Qb6 14. a5 Qc7 15. Na4 0-0 16. Nb6 Rae8 17. c3 f6 18. g4 Nh6 19. exf6 gxf6 20. Qh4 Nf7 21. Rg1 Kh8 22. Qh5 f5 23. g5 Nfe5 24. fxe5 Rg8 25. g6 Rg7 26. Bh6 Reg8 27. Bxg7+ Rxg7 28. Nxd7 Qxd7 29. Ba4 Qe8 30. Bxc6 bxc6 31. Ng5 Bxg5 32. Rxg5 c4 33. d4 c5 34. Rag1 cxd4 35. Qh6 Qe7 36. gxh7 Rxg5 37. Rxg5 1-0

[Event "London Classic op 4th"]
[Site "London"]
[Date "2012.12.06"]
[Round "6"]
[White "Cotter, Len"]
[Black "Lie, Terje"]
[Result "1-0"]
[WhiteElo "1802"]
[BlackElo "1595"]
[PlyCount "61"]
[EventDate "2012.12.01"]
[EventType "swiss"]
[EventRounds "9"]
[EventCountry "ENG"]
[SourceTitle "CBM 151 Extra"]
[Source "ChessBase"]
[SourceDate "2012.12.18"]
[SourceVersion "1"]
[SourceVersionDate "2012.12.18"]
[SourceQuality "1"]

1. e4 d6 2. d4 Nf6 3. Nc3 g6 4. Nf3 Bg4 5. h3 Bxf3 6. Qxf3 c6 7. Bc4 e6 8. Bg5 Be7 9. 0-0 0-0 10. Rad1 Nbd7 11. Bh6 Re8 12. d5 Ne5 13. Qe2 Nxc4 14. Qxc4 exd5 15. exd5 c5 16. Ne4 Nd7 17. Rfe1 f5 18. Qc3 Bf6 19. Nxf6+ Qxf6 20. Qb3 Nb6 21. Re6 Qh4 22. Qe3 Qd8 23. Re1 Kf7 24. Qc3 Rg8 25. Re7+ Qxe7 26. Rxe7+ Kxe7 27. Qe3+ Kd7 28. Qe6+ Kc7 29. Qe7+ Nd7 30. Bf4 Rad8 31. Qxd6+ 1-0